000 00424nam a2200181Ia 4500
001 9356
005 20260306161712.0
008 260306t2006||||xx |||||||||||||| ||spa||
041 _aESP
082 _a378.125
_bF36
100 _aFeldman, Robert S.
_eAUT
245 0 _aAprendizaje con poder
260 _c2006
300 _axxviii, 421 páginas :
_c27 cm.
650 _aGEN
654 _aCED
942 _cLIB
_dJUS
_fJUS
_2ddc
_n
999 _c9356
_d9356